Tilastot visalle Kenen Kirja? #2

Klikkaa tästä pelataksesi tätä visaa!

Yleistilastot

  • Tätä visaa on pelattu 45 kertaa
  • Keskiarvotulos 5 / 16

Vastaustilastot

KirjaKirjailija% Oikein
Baskervillen koiraArthur Conan Doyle
75%
James Bond IstanbulissaIan Fleming
69%
Kesäyön unelmaWilliam Shakespeare
64%
PeltirumpuGünter Grass
56%
Petteri KaniiniBeatrix Potter
39%
Pimeyden sydänJoseph Conrad
36%
Kadotettu ParatiisiJohn Milton
33%
CandideVoltaire
33%
Syvä uniRaymond Chandler
28%
Gulliverin retketJonathan Swift
25%
Brokeback MountainAnnie Proulx
19%
HammaskeijuEve Hietamies
17%
Brighton RockGraham Greene
14%
Ne jotka lähtevät ja ne jotka jäävätElena Ferrante
11%
Kiroileva siiliMilla Paloniemi
11%
Hyvän naisen rakkausAlice Munro
6%

Tulosjakauma

Persentiili vastausten määrän mukaan

Jokaisen tuloksen saaneiden osuus

Tuloshistoriasi

Et ole pelannut tätä visaa